[Event "Titled Tuesday intern op 26th Sep Late"]
[Site "Chess.com INT"]
[Date "2023.09.26"]
[Round "5"]
[White "Kang, Dorian"]
[Black "Sarkar, Justin"]
[Result "1-0"]
[WhiteElo "2059"]
[BlackElo "2290"]
[PlyCount "59"]
[EventDate "2023.09.26"]
[EventType "swiss (blitz)"]
[EventRounds "11"]
[EventCountry "USA"]
[SourceTitle "EXT 2024"]
[Source "ChessBase"]
[SourceDate "2023.10.10"]
[SourceVersion "1"]
[SourceVersionDate "2023.10.10"]
[SourceQuality "1"]

1. e4 c5 2. Nf3 d6 3. d4 cxd4 4. Nxd4 Nf6 5. f3 e5 6. Nb3 d5 7. Bg5 d4 8. c3 Nc6 9. Bb5 Qb6 10. Qd3 Be6 11. cxd4 Bb4+ 12. Bd2 Bxd2+ 13. N1xd2 exd4 14. Bxc6+ bxc6 15. Qxd4 0-0 16. 0-0 Rfd8 17. Qxb6 axb6 18. Kf2 c5 19. Ke3 Ra7 20. Rfc1 Rad7 21. Nc4 Rd3+ 22. Ke2 Bxc4 23. Rxc4 g5 24. Rc3 Rxc3 25. bxc3 g4 26. Nd2 gxf3+ 27. gxf3 Nh5 28. Nc4 Nf4+ 29. Ke3 Ne6 30. Nxb6 1-0

[Event "Titled Tuesday intern op 19th Sep Late"]
[Site "Chess.com INT"]
[Date "2023.09.19"]
[Round "2"]
[White "Kang, Dorian"]
[Black "Mirzoev, Azer"]
[Result "0-1"]
[WhiteElo "2059"]
[BlackElo "2418"]
[PlyCount "86"]
[EventDate "2023.09.19"]
[EventType "swiss (blitz)"]
[EventRounds "11"]
[EventCountry "USA"]
[SourceTitle "EXT 2024"]
[Source "ChessBase"]
[SourceDate "2023.10.10"]
[SourceVersion "1"]
[SourceVersionDate "2023.10.10"]
[SourceQuality "1"]

1. e4 c5 2. Nf3 e6 3. d4 cxd4 4. Nxd4 a6 5. c4 g6 6. Nc3 Bg7 7. Be3 Ne7 8. Qd2 d5 9. exd5 exd5 10. 0-0-0 dxc4 11. Bxc4 Qc7 12. Bb3 0-0 13. Bh6 Nbc6 14. Nf3 Bf5 15. Bxg7 Kxg7 16. Rhe1 Rad8 17. Qe3 Rxd1+ 18. Rxd1 b5 19. a3 Na5 20. Bc2 Bxc2 21. Kxc2 Nc4 22. Qd4+ f6 23. Ng5 Qc6 24. Qd7 Qxd7 25. Rxd7 fxg5 26. Rxe7+ Kh6 27. Ne4 g4 28. Kc3 Rf4 29. a4 Nb6 30. Kd4 Nxa4 31. Ke3 Rf5 32. Nd6 Rf6 33. Nf7+ Kg7 34. Ng5+ Kh6 35. h4 gxh3 36. f4 Kh5 37. gxh3 Kh4 38. Kf3 h6 39. Rh7 h5 40. Rc7 Nxb2 41. Rc2 Nd3 42. Kg2 Nxf4+ 43. Kh2 Kxg5 0-1

[Event "Titled Tuesday intern op 19th Sep Late"]
[Site "Chess.com INT"]
[Date "2023.09.19"]
[Round "1"]
[White "Yelisieiev, Yevhenii"]
[Black "Kang, Dorian"]
[Result "1-0"]
[WhiteElo "2411"]
[BlackElo "2059"]
[PlyCount "135"]
[EventDate "2023.09.19"]
[EventType "swiss (blitz)"]
[EventRounds "11"]
[EventCountry "USA"]
[SourceTitle "EXT 2024"]
[Source "ChessBase"]
[SourceDate "2023.10.10"]
[SourceVersion "1"]
[SourceVersionDate "2023.10.10"]
[SourceQuality "1"]

1. d4 d5 2. Nf3 Nf6 3. c4 c6 4. Nc3 e6 5. e3 Bd6 6. Qc2 0-0 7. b3 b6 8. Bd3 Bb7 9. 0-0 Nbd7 10. Bb2 Qe7 11. Rfe1 c5 12. Rad1 Rac8 13. cxd5 Nxd5 14. Bxh7+ Kh8 15. Be4 Nb4 16. Qb1 Nf6 17. Bxb7 Qxb7 18. Nb5 Bb8 19. dxc5 Rxc5 20. Nd6 Bxd6 21. Rxd6 Rf5 22. Red1 Rxf3 23. Rd8 Kg8 24. gxf3 Qxf3 25. Be5 Nc6 26. Rxf8+ Kxf8 27. Bg3 Nd5 28. Qc1 Nce7 29. Re1 f5 30. Qd1 Qe4 31. Qd4 Qxd4 32. exd4 Kf7 33. Be5 Nc6 34. Rc1 Nxe5 35. dxe5 f4 36. Kg2 Kg6 37. Rc8 Kf5 38. Rg8 g5 39. Kf3 a5 40. Rf8+ Kxe5 41. Kg4 Nf6+ 42. Kf3 g4+ 43. Ke2 Nd5 44. Rg8 Kf5 45. Rf8+ Ke4 46. Rg8 Nf6 47. Rg6 Kf5 48. Rg7 e5 49. Kd3 e4+ 50. Kd4 Nh5 51. Rf7+ Kg5 52. Kxe4 Kh4 53. Rh7 Kg5 54. Rxh5+ Kxh5 55. Kxf4 Kh4 56. Kf5 Kh3 57. Kg5 b5 58. a3 a4 59. b4 Kxh2 60. Kxg4 Kg2 61. f4 Kf2 62. f5 Ke3 63. f6 Kd4 64. f7 Kc4 65. f8Q Kb3 66. Qf3+ Ka2 67. Qc3 Kb1 68. Kf4 1-0

[Event "Titled Tuesday intern op 05th Sep Late"]
[Site "Chess.com INT"]
[Date "2023.09.05"]
[Round "7"]
[White "Bazzano, Sebastian"]
[Black "Kang, Dorian"]
[Result "0-1"]
[WhiteElo "2288"]
[BlackElo "2059"]
[PlyCount "84"]
[EventDate "2023.09.05"]
[EventType "swiss (blitz)"]
[EventRounds "11"]
[EventCountry "USA"]
[SourceTitle "EXT 2024"]
[Source "ChessBase"]
[SourceDate "2023.10.10"]
[SourceVersion "1"]
[SourceVersionDate "2023.10.10"]
[SourceQuality "1"]

1. d4 d5 2. Bf4 Nf6 3. e3 Bf5 4. Nf3 e6 5. Nbd2 Nbd7 6. Ne5 c6 7. Be2 h6 8. 0-0 Be7 9. c4 0-0 10. c5 Nxe5 11. Bxe5 Nd7 12. Bg3 e5 13. Bxe5 Nxe5 14. dxe5 Bxc5 15. Nb3 Be7 16. Nd4 Qd7 17. f4 Be4 18. Bg4 Qc7 19. Bf3 Bxf3 20. Qxf3 Qb6 21. Nf5 Rfe8 22. Qg4 Bf8 23. Nxh6+ Kh7 24. Nxf7 c5 25. Rf3 Kg8 26. Ng5 Be7 27. Ne6 Bf8 28. f5 Qxb2 29. Raf1 Qxe5 30. Rh3 Qf6 31. Qh5 Rac8 32. Qh8+ Kf7 33. Qh5+ Ke7 34. Qf3 Qe5 35. g4 Kd6 36. g5 g6 37. Nf4 Qxf5 38. Rh6 Qxg5+ 39. Kh1 Qxh6 40. Qxd5+ Kc7 41. Ne6+ Rxe6 42. Qxe6 Kb8 0-1

[Event "Titled Tuesday intern op 29th Aug Late"]
[Site "Chess.com INT"]
[Date "2023.08.29"]
[Round "4"]
[White "Kang, Dorian"]
[Black "Goryachkina, Aleksandra"]
[Result "1-0"]
[WhiteElo "2059"]
[BlackElo "2557"]
[PlyCount "79"]
[EventDate "2023.08.29"]
[EventType "swiss (blitz)"]
[EventRounds "11"]
[EventCountry "USA"]
[SourceTitle "EXT 2024"]
[Source "ChessBase"]
[SourceDate "2023.10.10"]
[SourceVersion "1"]
[SourceVersionDate "2023.10.10"]
[SourceQuality "1"]

1. e4 e6 2. d4 d5 3. Nc3 Nf6 4. e5 Nfd7 5. f4 c5 6. Nf3 Nc6 7. Be3 a6 8. Qd2 b5 9. a3 Qa5 10. dxc5 Bxc5 11. Be2 Bxe3 12. Qxe3 b4 13. Nd1 bxa3+ 14. Kf2 axb2 15. Nxb2 Qb6 16. Nd3 0-0 17. Qxb6 Nxb6 18. Nc5 a5 19. Rhb1 Nd7 20. Nb3 f6 21. Bb5 Ne7 22. Bxd7 Bxd7 23. exf6 Rxf6 24. Rxa5 Rd8 25. g3 Nc6 26. Rc5 Be8 27. Kg2 h6 28. Nbd4 Nxd4 29. Nxd4 g5 30. fxg5 hxg5 31. Re1 Kf7 32. Nf3 Kg6 33. Rc7 Rxf3 34. Kxf3 Bf7 35. Kg4 d4 36. Re5 d3 37. cxd3 Rd4+ 38. Re4 Rxd3 39. Rc5 Kf6 40. Rxg5 1-0

[Event "Titled Tuesday intern op 29th Aug Late"]
[Site "Chess.com INT"]
[Date "2023.08.29"]
[Round "6"]
[White "Kang, Dorian"]
[Black "Willy, Stephen"]
[Result "1-0"]
[WhiteElo "2059"]
[BlackElo "2072"]
[PlyCount "105"]
[EventDate "2023.08.29"]
[EventType "swiss (blitz)"]
[EventRounds "11"]
[EventCountry "USA"]
[SourceTitle "EXT 2024"]
[Source "ChessBase"]
[SourceDate "2023.10.10"]
[SourceVersion "1"]
[SourceVersionDate "2023.10.10"]
[SourceQuality "1"]

1. e4 e5 2. Nf3 Nc6 3. Bc4 f5 4. exf5 e4 5. Qe2 d5 6. Bb5 Nf6 7. Ne5 Qd6 8. d4 Bxf5 9. Nc3 Be7 10. Bf4 Qe6 11. Bxc6+ bxc6 12. Qa6 0-0 13. Qxc6 Bd6 14. 0-0 Rab8 15. Na4 Rb4 16. c3 Rbb8 17. b4 Qc8 18. Nc5 Rb6 19. Qa4 Nh5 20. Be3 Bxe5 21. dxe5 Rg6 22. Kh1 Rxg2 23. Qa6 Qd8 24. Kxg2 Qh4 25. Rg1 Bh3+ 26. Kh1 Bg4 27. Rxg4 Qh3 28. Qe6+ Kh8 29. Rag1 g6 30. R4g2 Qh4 31. Qd7 Ng7 32. Ne6 Rg8 33. Nxg7 Rxg7 34. Qc8+ Rg8 35. Qxc7 Rf8 36. e6 Kg8 37. Bd4 Rf6 38. Bxf6 Qxf6 39. e7 Kf7 40. e8Q+ Kxe8 41. Rg5 Qf3+ 42. R5g2 h5 43. Qc6+ Ke7 44. Qxd5 h4 45. Qe5+ Kf7 46. Qd5+ Ke7 47. Qc5+ Ke8 48. Qe3 Qf5 49. Rg5 Qe6 50. Rxg6 Qf5 51. R6g5 Qe6 52. Rg8+ Kd7 53. R1g7+ 1-0

[Event "Titled Tuesday intern op 29th Aug Late"]
[Site "Chess.com INT"]
[Date "2023.08.29"]
[Round "2"]
[White "Plazuelo Pascual, Juan"]
[Black "Kang, Dorian"]
[Result "0-1"]
[WhiteElo "2454"]
[BlackElo "2059"]
[PlyCount "90"]
[EventDate "2023.08.29"]
[EventType "swiss (blitz)"]
[EventRounds "11"]
[EventCountry "USA"]
[SourceTitle "EXT 2024"]
[Source "ChessBase"]
[SourceDate "2023.10.10"]
[SourceVersion "1"]
[SourceVersionDate "2023.10.10"]
[SourceQuality "1"]

1. Nf3 g6 2. g3 Bg7 3. Bg2 Nf6 4. 0-0 0-0 5. d4 d5 6. c3 c6 7. Re1 Nbd7 8. Nbd2 Qc7 9. e4 dxe4 10. Nxe4 Nxe4 11. Rxe4 Nf6 12. Bf4 Qd8 13. Re1 Be6 14. Rxe6 fxe6 15. Ng5 Qb6 16. Nxe6 Qxb2 17. Rb1 Qxa2 18. Nxf8 Rxf8 19. Rxb7 Nd5 20. Bxd5+ Qxd5 21. Rxe7 c5 22. Be5 Bxe5 23. Rxe5 Qf7 24. Qe2 cxd4 25. cxd4 Qd7 26. d5 Qd6 27. h4 Kg7 28. h5 Rf7 29. Qe3 a5 30. Qg5 Qf6 31. h6+ Kf8 32. Qe3 Re7 33. f4 Qd6 34. Qd4 Rxe5 35. fxe5 Qb4 36. Qf2+ Ke8 37. e6 Qb1+ 38. Kh2 Qf5 39. Qa7 Qh5+ 40. Kg1 Qd1+ 41. Kf2 Qd2+ 42. Kf3 Qxd5+ 43. Ke2 Qxe6+ 44. Kd2 Qd7+ 45. Qxd7+ Kxd7 0-1

[Event "Titled Tuesday intern op 18th Jul Late"]
[Site "Chess.com INT"]
[Date "2023.07.18"]
[Round "7"]
[White "Kang, Dorian"]
[Black "Ricaurte Lopez, Juan Carlos"]
[Result "1-0"]
[WhiteElo "2059"]
[BlackElo "2226"]
[PlyCount "53"]
[EventDate "2023.07.18"]
[EventType "swiss (blitz)"]
[EventRounds "11"]
[EventCountry "USA"]
[SourceTitle "EXT 2024"]
[Source "ChessBase"]
[SourceDate "2023.10.10"]
[SourceVersion "1"]
[SourceVersionDate "2023.10.10"]
[SourceQuality "1"]

1. c4 e5 2. a3 f5 3. d4 exd4 4. Nf3 c5 5. e3 dxe3 6. Bxe3 Nf6 7. Nc3 Be7 8. Bd3 d6 9. Qd2 0-0 10. 0-0 Nc6 11. Nd5 Nxd5 12. cxd5 Ne5 13. Nxe5 dxe5 14. Bc4 Bd6 15. f4 exf4 16. Bxf4 a6 17. a4 Rb8 18. a5 Bxf4 19. Qxf4 Bd7 20. Rfe1 Bb5 21. d6+ Kh8 22. Bxb5 axb5 23. Qe5 Qf6 24. Qxc5 Qxb2 25. d7 Rbd8 26. Rad1 b4 27. Qxf8+ 1-0

[Event "Titled Tuesday intern op 07th Jun Late"]
[Site "Chess.com INT"]
[Date "2022.06.07"]
[Round "1"]
[White "Guseinov, Gadir"]
[Black "Kang, Dorian"]
[Result "1-0"]
[WhiteElo "2668"]
[BlackElo "2019"]
[PlyCount "62"]
[EventDate "2022.06.07"]
[EventType "swiss (blitz)"]
[EventRounds "11"]
[EventCountry "USA"]
[SourceTitle "CBM 208 Extra"]
[Source "ChessBase"]
[SourceDate "2022.07.31"]
[SourceVersion "1"]
[SourceVersionDate "2022.07.31"]
[SourceQuality "1"]

1. e4 c5 2. Nc3 Nc6 3. Bb5 Nd4 4. Nf3 Nxb5 5. Nxb5 Nf6 6. e5 Nd5 7. Ng5 e6 8. Ne4 b6 9. Nbd6+ Bxd6 10. Nxd6+ Kf8 11. 0-0 Ba6 12. c4 Ne7 13. d4 cxd4 14. Qxd4 Nc6 15. Qf4 f6 16. Re1 Kg8 17. Bd2 Qe7 18. Bc3 f5 19. Rad1 g5 20. Qd2 Rd8 21. b4 Nb8 22. b5 Bc8 23. Bb4 Qg7 24. a4 a5 25. Ba3 h6 26. Qd4 Kh7 27. Qxb6 Ba6 28. bxa6 Nc6 29. a7 Ra8 30. Nb5 Nxe5 31. Qc7 Ng4 1-0

[Event "Titled Tuesday intern op 07th Jun Late"]
[Site "Chess.com INT"]
[Date "2022.06.07"]
[Round "7"]
[White "Kang, Dorian"]
[Black "Uskov, Artem"]
[Result "0-1"]
[WhiteElo "2019"]
[BlackElo "2376"]
[PlyCount "94"]
[EventDate "2022.06.07"]
[EventType "swiss (blitz)"]
[EventRounds "11"]
[EventCountry "USA"]
[SourceTitle "CBM 208 Extra"]
[Source "ChessBase"]
[SourceDate "2022.07.31"]
[SourceVersion "1"]
[SourceVersionDate "2022.07.31"]
[SourceQuality "1"]

1. e4 Nf6 2. e5 Nd5 3. c4 Nb6 4. d4 d6 5. exd6 exd6 6. Nc3 Be7 7. Be3 0-0 8. b3 c5 9. d5 Bf6 10. Qc2 Bf5 11. Bd3 Bxc3+ 12. Qxc3 Bxd3 13. Qxd3 Qf6 14. Rc1 N8d7 15. Ne2 Ne5 16. Qe4 Rfe8 17. 0-0 Nbd7 18. Rfd1 h5 19. Qf4 Qg6 20. Qg3 Ng4 21. Nf4 Qf5 22. h3 Nxe3 23. fxe3 Nf6 24. Rf1 Qe5 25. Rce1 Ne4 26. Qh4 g5 27. Qxh5 gxf4 28. Qh6 Qg5 29. Qxg5+ Nxg5 30. Rxf4 Re5 31. Ref1 Re7 32. h4 Nh7 33. g4 Rf8 34. g5 Rxe3 35. h5 Re5 36. g6 fxg6 37. hxg6 Rg5+ 38. Kh2 Rxg6 39. Rxf8+ Nxf8 40. Re1 Kf7 41. Rf1+ Rf6 42. Re1 Nd7 43. Kg3 Ne5 44. Rh1 Ke7 45. Rh7+ Rf7 46. Rh8 Rg7+ 47. Kf4 Ng6+ 0-1

[Event "Titled Tuesday intern op 31st May Late"]
[Site "Chess.com INT"]
[Date "2022.05.31"]
[Round "11"]
[White "Balabayeva, Kseniya"]
[Black "Kang, Dorian"]
[Result "1-0"]
[WhiteElo "2177"]
[BlackElo "2019"]
[PlyCount "91"]
[EventDate "2022.05.31"]
[EventType "swiss (blitz)"]
[EventRounds "11"]
[EventCountry "USA"]
[SourceTitle "CBM 208 Extra"]
[Source "ChessBase"]
[SourceDate "2022.07.31"]
[SourceVersion "1"]
[SourceVersionDate "2022.07.31"]
[SourceQuality "1"]

1. d4 Nf6 2. Bf4 b6 3. Nf3 Bb7 4. e3 e6 5. Nbd2 Be7 6. Bd3 0-0 7. c3 d6 8. 0-0 Nbd7 9. Bc2 c5 10. h3 d5 11. Qe2 Ne4 12. Nxe4 dxe4 13. Nd2 Nf6 14. Be5 cxd4 15. exd4 Rc8 16. Nxe4 Nxe4 17. Bxe4 Bxe4 18. Qxe4 Bf6 19. Rfe1 Bxe5 20. Qxe5 Qh4 21. Re4 Qh6 22. Re3 Rcd8 23. c4 Qg6 24. Re4 h5 25. Rc1 Rd7 26. Re3 Rfd8 27. Rg3 Qh6 28. Rd1 g6 29. Rgd3 Qg7 30. Qxg7+ Kxg7 31. f3 Kf6 32. Kf2 e5 33. dxe5+ Ke6 34. Rxd7 Rxd7 35. Rxd7 Kxd7 36. Ke3 Ke6 37. Ke4 Ke7 38. g4 Ke6 39. f4 h4 40. f5+ Ke7 41. Kd5 gxf5 42. gxf5 Kd7 43. e6+ fxe6+ 44. fxe6+ Ke7 45. Ke5 a6 46. b4 1-0

[Event "Titled Tuesday intern op 31st May Late"]
[Site "Chess.com INT"]
[Date "2022.05.31"]
[Round "4"]
[White "Coelho, Ramyres Santana"]
[Black "Kang, Dorian"]
[Result "0-1"]
[WhiteElo "1981"]
[BlackElo "2019"]
[PlyCount "36"]
[EventDate "2022.05.31"]
[EventType "swiss (blitz)"]
[EventRounds "11"]
[EventCountry "USA"]
[SourceTitle "CBM 208 Extra"]
[Source "ChessBase"]
[SourceDate "2022.07.31"]
[SourceVersion "1"]
[SourceVersionDate "2022.07.31"]
[SourceQuality "1"]

1. e4 c5 2. Nf3 d6 3. d4 cxd4 4. Nxd4 Nf6 5. Nc3 a6 6. f3 e5 7. Nb3 Be6 8. Be3 Be7 9. Qd2 h5 10. 0-0-0 Nbd7 11. Kb1 Rc8 12. Nd5 Nxd5 13. exd5 Bf5 14. Bd3 Bxd3 15. Qxd3 Bg5 16. Bxg5 Qxg5 17. g3 0-0 18. h4 Qf6 0-1

[Event "Titled Tuesday intern op 31st May Late"]
[Site "Chess.com INT"]
[Date "2022.05.31"]
[Round "7"]
[White "Kang, Dorian"]
[Black "Kraus, Tomas"]
[Result "1-0"]
[WhiteElo "2019"]
[BlackElo "2472"]
[PlyCount "163"]
[EventDate "2022.05.31"]
[EventType "swiss (blitz)"]
[EventRounds "11"]
[EventCountry "USA"]
[SourceTitle "CBM 208 Extra"]
[Source "ChessBase"]
[SourceDate "2022.07.31"]
[SourceVersion "1"]
[SourceVersionDate "2022.07.31"]
[SourceQuality "1"]

1. e4 c5 2. Nf3 d6 3. d4 cxd4 4. Nxd4 Nf6 5. f3 a6 6. c4 e6 7. Be3 Be7 8. Nc3 0-0 9. Qd2 Nc6 10. Be2 d5 11. cxd5 exd5 12. Nxc6 bxc6 13. e5 Nd7 14. f4 Nc5 15. 0-0 f5 16. Rac1 Ne6 17. Na4 d4 18. Bf2 c5 19. Bc4 Kh8 20. Bxe6 Bxe6 21. Nxc5 Bxc5 22. Rxc5 Bxa2 23. Qxd4 Qxd4 24. Bxd4 Rfd8 25. Bc3 Rac8 26. Rxc8 Rxc8 27. Rd1 Bc4 28. Rd6 Kg8 29. Kf2 Bb5 30. Ke3 Rc6 31. Rd8+ Kf7 32. Rd7+ Kf8 33. Ra7 Rc8 34. g3 Rd8 35. Bd4 Rd7 36. Ra8+ Kf7 37. Rc8 Rb7 38. Rc5 Rd7 39. Rc2 Rb7 40. Rd2 Rd7 41. Rc2 g6 42. Rc1 Rb7 43. Bc3 Rd7 44. Kf2 Rc7 45. Rd1 Rd7 46. Rc1 Rc7 47. Kg2 Ke6 48. Kh3 Be2 49. Kh4 h6 50. Rc2 Bd3 51. Rd2 Rd7 52. h3 Bb1 53. Rf2 Rd1 54. Rh2 Be4 55. g4 fxg4 56. hxg4 Rh1 57. Rxh1 Bxh1 58. Kg3 Be4 59. Kf2 h5 60. gxh5 gxh5 61. Ke3 Bf5 62. Be1 Bg4 63. Kd4 Bh3 64. Kc5 Bf1 65. Kd4 Bh3 66. Ke3 Bf5 67. Kf3 h4 68. Bxh4 Bh3 69. Ke3 Bf5 70. Kd4 Bh3 71. Bf2 Bg4 72. Be3 Bh3 73. Kc5 Bg4 74. Kb6 Be2 75. Ka5 Bb5 76. b4 Bf1 77. Bd4 Bb5 78. Kb6 Bf1 79. Kc5 Bb5 80. f5+ Kxf5 81. Kd5 Bc4+ 82. Kxc4 1-0

[Event "Titled Tuesday intern op 31st May Late"]
[Site "Chess.com INT"]
[Date "2022.05.31"]
[Round "6"]
[White "Kang, Dorian"]
[Black "Tristan, Leonardo"]
[Result "0-1"]
[WhiteElo "2019"]
[BlackElo "2548"]
[PlyCount "108"]
[EventDate "2022.05.31"]
[EventType "swiss (blitz)"]
[EventRounds "11"]
[EventCountry "USA"]
[SourceTitle "CBM 208 Extra"]
[Source "ChessBase"]
[SourceDate "2022.07.31"]
[SourceVersion "1"]
[SourceVersionDate "2022.07.31"]
[SourceQuality "1"]

1. e4 d5 2. exd5 Qxd5 3. Nc3 Qa5 4. d4 Nf6 5. Nf3 Bf5 6. Bd3 Nbd7 7. 0-0 e6 8. a3 Bxd3 9. Qxd3 c6 10. Bf4 Be7 11. b4 Qh5 12. Ne2 0-0 13. Ng3 Qg6 14. Qxg6 hxg6 15. Ne5 Rfd8 16. Rfd1 Nd5 17. Bd2 N5b6 18. Bc3 Na4 19. Be1 Nb2 20. Rdb1 Nxe5 21. dxe5 Nc4 22. f4 g5 23. fxg5 Bxg5 24. Bc3 Be3+ 25. Kh1 Bd2 26. Bxd2 Rxd2 27. c3 Nxe5 28. Rd1 Rad8 29. Rxd2 Rxd2 30. Ne4 Rc2 31. h3 b6 32. a4 Kf8 33. a5 b5 34. a6 Ke7 35. Re1 Nd3 36. Rf1 f5 37. Ng5 Rxc3 38. g4 g6 39. gxf5 exf5 40. Rf3 Rc1+ 41. Kh2 Nxb4 42. Re3+ Kd7 43. Re6 Rc2+ 44. Kg3 Rc3+ 45. Kg2 Nd5 46. Re1 Ra3 47. Nf3 Nf4+ 48. Kg3 Nxh3 49. Rd1+ Kc7 50. Re1 Ng5 51. Re7+ Kb6 52. Kf4 Nxf3 53. Rb7+ Kc5 54. Rxa7 Nd4 0-1

[Event "Titled Tuesday intern op 24th May Late"]
[Site "Chess.com INT"]
[Date "2022.05.24"]
[Round "6"]
[White "Kang, Dorian"]
[Black "Kohler, Aran"]
[Result "1/2-1/2"]
[WhiteElo "2019"]
[BlackElo "2121"]
[PlyCount "165"]
[EventDate "2022.05.24"]
[EventType "swiss (blitz)"]
[EventRounds "11"]
[EventCountry "USA"]
[SourceTitle "EXT 2023"]
[Source "ChessBase"]
[SourceDate "2022.10.05"]
[SourceVersion "1"]
[SourceVersionDate "2022.10.05"]
[SourceQuality "1"]

1. e4 e5 2. Nf3 Nc6 3. Bc4 Nf6 4. d3 Be7 5. c3 0-0 6. Nbd2 d5 7. exd5 Nxd5 8. 0-0 Bg4 9. h3 Bh5 10. Ne4 Nb6 11. Bb5 f6 12. Ng3 Be8 13. Qb3+ Kh8 14. Nf5 Na5 15. Qd1 Bxb5 16. N3h4 Be8 17. Qg4 Rg8 18. f4 Bc5+ 19. Kh1 Qd7 20. b4 g6 21. Nh6 Qxg4 22. Nxg4 Be7 23. bxa5 Nd5 24. fxe5 f5 25. Nf6 Nxf6 26. exf6 Bxf6 27. Nf3 Bxc3 28. Rb1 Bc6 29. Rb3 Bf6 30. a6 bxa6 31. Bf4 Bd5 32. Ra3 c6 33. Rxa6 Rge8 34. d4 Bxf3 35. Rxf3 Bxd4 36. Rxc6 Re1+ 37. Kh2 Rae8 38. Rd3 Be5 39. Bxe5+ R1xe5 40. Rc7 R5e7 41. Rdd7 Rxd7 42. Rxd7 Ra8 43. a4 a5 44. Kg3 Kg8 45. Kf4 Rb8 46. Ke5 Rb4 47. Kf6 Rb6+ 48. Kg5 Rb4 49. Ra7 Rxa4 50. Kf6 h6 51. Kxg6 Kf8 52. Kxf5 h5 53. Kg5 h4 54. Kf6 Kg8 55. Kg6 Kf8 56. Kf6 Kg8 57. Ra8+ Kh7 58. Ra6 Ra2 59. Kg5 a4 60. Kxh4 Rxg2 61. Rxa4 Rg7 62. Kh5 Rf7 63. Kg5 Rg7+ 64. Kf4 Rf7+ 65. Kg3 Rg7+ 66. Kh2 Rg6 67. h4 Kh6 68. Kh3 Rg1 69. Ra6+ Kh5 70. Ra5+ Kh6 71. Rb5 Rg6 72. Rc5 Rg1 73. Rc4 Rg6 74. Rg4 Rxg4 75. Kxg4 Kg6 76. h5+ Kh6 77. Kh4 Kg7 78. Kg5 Kh7 79. h6 Kg8 80. Kh5 Kh8 81. Kg6 Kg8 82. h7+ Kh8 83. Kh6 1/2-1/2

[Event "Titled Tuesday intern op 24th May Late"]
[Site "Chess.com INT"]
[Date "2022.05.24"]
[Round "2"]
[White "Kang, Dorian"]
[Black "Sailer, Mike L"]
[Result "1-0"]
[WhiteElo "2019"]
[BlackElo "2109"]
[PlyCount "131"]
[EventDate "2022.05.24"]
[EventType "swiss (blitz)"]
[EventRounds "11"]
[EventCountry "USA"]
[SourceTitle "EXT 2023"]
[Source "ChessBase"]
[SourceDate "2022.10.05"]
[SourceVersion "1"]
[SourceVersionDate "2022.10.05"]
[SourceQuality "1"]

1. e4 d5 2. exd5 Qxd5 3. Nc3 Qd6 4. d4 Nf6 5. Nf3 c6 6. Be3 Bg4 7. Be2 e6 8. 0-0 Be7 9. h3 Bh5 10. Qd2 0-0 11. Rad1 Nbd7 12. Bf4 Qb4 13. Ne5 Bxe2 14. Nxe2 Qxd2 15. Rxd2 Nxe5 16. Bxe5 Rfd8 17. Rfd1 Rd7 18. c3 Rad8 19. Ng3 Nd5 20. Ne4 f6 21. Bg3 f5 22. Nc5 Bxc5 23. dxc5 Nf6 24. Bd6 Ne4 25. Rd4 Nxd6 26. cxd6 e5 27. R4d2 Kf7 28. c4 c5 29. Rd5 Ke6 30. Re1 e4 31. f3 Rxd6 32. fxe4 Rxd5 33. exd5+ Kd7 34. Re5 Rf8 35. Kf2 Rf6 36. Kf3 g5 37. g3 b6 38. h4 h6 39. b3 Kd8 40. a3 Kd7 41. b4 Kd8 42. bxc5 bxc5 43. hxg5 hxg5 44. Re2 Ra6 45. Re3 Kd7 46. Rb3 Rb6 47. Re3 Ra6 48. g4 f4 49. Rd3 Kd6 50. Ke4 Ra4 51. Kf5 Rxc4 52. Kxg5 Rd4 53. Rxd4 cxd4 54. Kxf4 Kxd5 55. g5 d3 56. Ke3 Ke5 57. Kxd3 Kf5 58. Kc4 Kxg5 59. Kb5 Kf6 60. Ka6 Ke7 61. Kxa7 Kd6 62. Kb6 Kd7 63. Kb7 Kd6 64. a4 Kc5 65. a5 Kb5 66. a6 1-0

[Event "Titled Tuesday intern op 24th May Late"]
[Site "Chess.com INT"]
[Date "2022.05.24"]
[Round "8"]
[White "Maltsevskaya, Aleksandra"]
[Black "Kang, Dorian"]
[Result "1-0"]
[WhiteElo "2396"]
[BlackElo "2019"]
[PlyCount "101"]
[EventDate "2022.05.24"]
[EventType "swiss (blitz)"]
[EventRounds "11"]
[EventCountry "USA"]
[SourceTitle "EXT 2023"]
[Source "ChessBase"]
[SourceDate "2022.10.05"]
[SourceVersion "1"]
[SourceVersionDate "2022.10.05"]
[SourceQuality "1"]

1. Nf3 c5 2. d3 d5 3. Nbd2 Nc6 4. g3 Nf6 5. Bg2 g6 6. 0-0 Bg7 7. e4 0-0 8. exd5 Nxd5 9. Nc4 h6 10. Re1 Be6 11. a4 Qc7 12. c3 Rfd8 13. Rxe6 fxe6 14. Qe2 Qd7 15. Nh4 Nf6 16. Nxg6 Qxd3 17. Qxe6+ Kh7 18. Nf4 Qd1+ 19. Bf1 Qg4 20. Qf7 e5 21. Ne3 Qd7 22. Bd3+ e4 23. Qg6+ Kh8 24. Bxe4 Nxe4 25. Qxe4 Ne5 26. Nf5 Re8 27. Nxg7 Qxg7 28. Kg2 Rad8 29. Be3 b6 30. Re1 Nd3 31. Qxd3 Rxd3 32. Nxd3 Qb7+ 33. Kg1 Kh7 34. Nf4 Qf3 35. a5 Rd8 36. axb6 axb6 37. Ra1 Rd1+ 38. Rxd1 Qxd1+ 39. Kg2 Qc2 40. b4 Qxc3 41. bxc5 bxc5 42. Nd5 Qe5 43. Nf4 c4 44. Kf3 c3 45. Ke2 Qd6 46. Nd3 Qa3 47. Nc1 Qb2+ 48. Kd3 Kg6 49. h4 h5 50. Kc4 Kf5 51. Kd3 1-0

[Event "Titled Tuesday intern op 24th May Late"]
[Site "Chess.com INT"]
[Date "2022.05.24"]
[Round "5"]
[White "Yang, Kaiqi"]
[Black "Kang, Dorian"]
[Result "1-0"]
[WhiteElo "2481"]
[BlackElo "2019"]
[PlyCount "119"]
[EventDate "2022.05.24"]
[EventType "swiss (blitz)"]
[EventRounds "11"]
[EventCountry "USA"]
[SourceTitle "EXT 2023"]
[Source "ChessBase"]
[SourceDate "2022.10.05"]
[SourceVersion "1"]
[SourceVersionDate "2022.10.05"]
[SourceQuality "1"]

1. d4 Nf6 2. c4 e6 3. Bf4 b6 4. a3 Bb7 5. Nc3 Be7 6. Qc2 0-0 7. e4 d6 8. Nf3 c5 9. d5 e5 10. Be3 Nbd7 11. h3 Re8 12. Be2 Nf8 13. Nd2 Ng6 14. g3 h6 15. h4 Bc8 16. h5 Nf8 17. f3 N6h7 18. 0-0-0 Bf6 19. Nf1 Ng5 20. f4 exf4 21. gxf4 Bxc3 22. fxg5 Bd4 23. gxh6 Bxe3+ 24. Nxe3 Qg5 25. Qd3 Qxh6 26. Kb1 Nh7 27. Bg4 Bxg4 28. Nxg4 Qf4 29. Rdg1 Qxe4 30. Nh6+ Kf8 31. Qxe4 Rxe4 32. Nf5 Rae8 33. Nxd6 R8e5 34. Nxe4 Rxe4 35. b3 Re3 36. Kc2 Re2+ 37. Kd3 Rb2 38. Rb1 Ra2 39. a4 Nf6 40. h6 gxh6 41. Rxh6 Ng4 42. Rh8+ Kg7 43. Rhh1 Nf2+ 44. Kc3 Nxh1 45. Rxh1 Kf6 46. Re1 Rh2 47. a5 Rh3+ 48. Kb2 Rd3 49. Re8 Kg6 50. a6 f5 51. Kc2 Rd4 52. Re7 f4 53. Rxa7 f3 54. Ra8 Kg5 55. Rf8 Rf4 56. Rxf4 Kxf4 57. a7 f2 58. a8Q f1Q 59. Qf8+ Ke3 60. Qxf1 1-0